Normal view
MARC view
Entry Nombre personal
001 - NÚMERO DE CONTROL
- campo de control: 80504
003 - IDENTIFICADOR DEL NÚMERO DE CONTROL
- campo de control: DO-SdBNP
005 - FECHA Y HORA DE LA ÚLTIMA TRANSACCIÓN
- campo de control: 20211105085904.0
008 - DATOS DE LONGITUD FIJA
- campo de control de longitud fija: 211105|| aca||aabn | a|a d
040 ## - FUENTE DE LA CATALOGACIÓN
- Centro catalogador/agencia de origen: DO-SdBNP
- Centro/agencia transcriptor: DO-SdBNP
100 ## - ENCABEZAMIENTO-NOMBRE DE PERSONA
- Nombre de persona: Grajeda de Paz, Marlene - Guatemala
- Título de la obra: Niñas y niños plenos y felices educados por sus familias y comunidades
670 ## - FUENTE DE DATOS ENCONTRADOS
- Cita de la fuente: Work cat.: (DO-SdBNP)50878: Organización de Estados Iberoamericano para la educación, la ciencia y la cultura (OEI) República Dominicana 80498, Aprendiendo a educar mejor a niñas y niños pequeños :
